000 01728 a2200217 4500
001 29185
005 20260407155600.0
008 260407a1951 arg spa d
003 AR-UNSa-BCEJYS
040 _aAR-UNSa-BCEJYS
_bspa
_cAR-UNSa-BCEJYS
080 _a657
_xContabilidad
245 1 0 _aProblemas de contabilidad
250 _a4a. ed
264 1 _aBuenos Aires :
_bSelección Contable
_c1951
300 _a10v.
_c23 cm.
505 _aTomo I: 1. Comercio, comerciantes y actos de comercio - 2. Comercio, comerciantes y actos de comercio( continuación) - 3. Compra -venta - 4. Documentos comerciales - Tomo II: 1. Documentos comerciales - 2. Libros de comercio - 3. La capacitación del empleado de comercio - Tomo III: 1. Sociedades - 2. Consignaciones - 3. Planes de contabilidad para ramos diversos - 4. Indicaciones utiles para la labor diaria - 5. Problemas contables diversos - Tomo IV: 1. Agentes auxiliares del comercio - 2. Teneduria de libros - Tomo V: 1. Cuenta corriente marcantil - 2. Planes de contabilidad para ramos diversos - Tomo VI: 1. Moneda - 2. Cambios - 3. Comercio de importación y exportación - Tomo VII: 1. Crédito , crédito personal, crédito prendario, crédito hipotecario - 2. Contabilidad centralizada, balance general - Tomo VIII: 1. Sociedades anónimas - 2. Debentures - Tomo IX: 1. Sociedad encomandita por acciones, cooperativas, asociaciones civiles - 2. Contabilidad agrícolo-ganadera - 3. Contabilidad industrial - Tomo X: 1. Bancos - 2. Operaciones de bolsa - 3. Seguros - 4. Organización contable de la gran empresa - 5. Transporte - 6. Balance.
942 _cBK
590 _aniveau_biblio:m niveau_hierar:0
100 1 _aSeoane, Joaquín Raúl
700 1 _aSeoane, Jorge
999 _c1811
_d1811